| 000 | 00774cam a2200229 i 4500 | ||
|---|---|---|---|
| 003 | IT-RoINE | ||
| 005 | 20201118123209.0 | ||
| 008 | 870826s1986 it rb 000 0dita d | ||
| 040 |
_aNjP _cIT-RoINE _dDLC |
||
| 100 | 1 |
_aPronzato, Alessandro, _93679 _d1932- |
|
| 245 | 1 | 3 |
_aUn mercante di libertĂ : _bprofilo biografico di san Pietro Nolasco / _cAlessandro Pronzato. |
| 260 |
_aTorino : _bP. Gribaudi, _cc1986. |
||
| 300 |
_a271 p. ; _c22 cm. |
||
| 336 |
_2rdacontent _atext |
||
| 337 |
_2rdamedia _aunmediated |
||
| 338 |
_2rdacarrier _avolume |
||
| 490 | 1 | 2 |
_aI Santi che cambiarono il mondo ; _v4 |
| 504 | _aBibliografia: p. 7. | ||
| 600 | 0 | 4 |
_aPedro Nolasco, _cSanto, _dca. 1180-1249 _xBiografĂa _95842 |
| 830 | 0 |
_aSanti che cambiarono il mondo ; _95844 _v4 |
|
| 942 | _cMTS | ||
| 999 |
_c2945 _d2945 |
||